00851nam a22002537a 45000010005000000030006000050050017000110080041000280200018000690400029000870820010001161000019001262450035001452500032001802600037002123000049002494900021002985050008003195200168003275210023004955210020005186500035005386500024005735395FISKH20241202141707.0241202b cb ||||| |||| 00| 0 eng d a9780439796019 aFISKHbengcFISKHdFISKH a551.5 aSimon, Seymour aWild Earth /cby Seymour Simon aFirst prining, January 2009 aNew York : bScholastic ;c2009. a32 pages : bcolor illustrations ;c24 cm .  aTop 50 Questions aZ  aWhat comes out of a volcano? How fast do tsunamis move? What causes mudslides? You'll learn about avalanches, earthquakes, volcanic bombs, tsunami waves, and more!8 a930 bLexile NC 8 aZ bRaz-Plus  anatural disastersvNon-fiction aearth vNon-fiction